| 000 | 01400nam a2200349 a 4500 | ||
|---|---|---|---|
| 001 | ebr10485452 | ||
| 003 | CaPaEBR | ||
| 006 | m u | ||
| 007 | cr cn||||||||| | ||
| 008 | 110303s2011 gw sb 001 0 eng d | ||
| 010 | _z 2011004423 | ||
| 020 | _z9783110250268 (alk. paper) | ||
| 020 | _z9783110250275 (e-book) | ||
| 040 |
_aCaPaEBR _cCaPaEBR |
||
| 035 | _a(OCoLC)753970239 | ||
| 050 | 1 | 4 |
_aQA322.4 _b.P53 2011eb |
| 082 | 0 | 4 |
_a515/.733 _222 |
| 100 | 1 |
_aPicard, R. H. _q(Rainer H.) |
|
| 245 | 1 | 0 |
_aPartial differential equations _h[electronic resource] : _ba unified Hilbert space approach / _cRainer Picard, Des McGhee. |
| 260 |
_aBerlin ; _aNew York : _bDe Gruyter, _cc2011. |
||
| 300 | _axviii, 469 p. | ||
| 490 | 1 |
_aDe Gruyter expositions in mathematics, _x0938-6572 ; _v55 |
|
| 504 | _aIncludes bibliographical references and index. | ||
| 533 |
_aElectronic reproduction. _bPalo Alto, Calif. : _cebrary, _d2013. _nAvailable via World Wide Web. _nAccess may be limited to ebrary affiliated libraries. |
||
| 650 | 0 | _aHilbert space. | |
| 650 | 0 | _aDifferential equations, Partial. | |
| 655 | 7 |
_aElectronic books. _2local |
|
| 700 | 1 | _aMcGhee, D. F. | |
| 710 | 2 | _aebrary, Inc. | |
| 830 | 0 |
_aDe Gruyter expositions in mathematics ; _v55. |
|
| 856 | 4 | 0 |
_uhttp://site.ebrary.com/lib/rucke/Doc?id=10485452 _zAn electronic book accessible through the World Wide Web; click to view |
| 999 |
_c121632 _d121632 |
||